|
|
|
|
| LEADER |
00986naa a2200241 i 4500 |
| 001 |
acta71660 |
| 005 |
20260224081030.0 |
| 008 |
210121s2020 hu o 100 hun d |
| 020 |
|
|
|a 978-963-306-775-8
|
| 024 |
7 |
|
|a 10.14232/kvantumelektronika.9.4
|2 doi
|
| 040 |
|
|
|a SZTE Egyetemi Kiadványok Repozitórium
|b hun
|
| 041 |
|
|
|a hun
|
| 100 |
1 |
|
|a Biró László
|
| 245 |
1 |
2 |
|a A nátrium-jodid molekula fotogerjesztésének szabályozása terahertzes pulzusokkal
|h [elektronikus dokumentum] /
|c Biró László
|
| 260 |
|
|
|c 2020
|
| 300 |
|
|
|a 21-26
|
| 490 |
0 |
|
|a Kvantumelektronika : Szimpózium a hazai kvantumelektronikai kutatások eredményeiről
|v 9
|
| 650 |
|
4 |
|a Természettudományok
|
| 650 |
|
4 |
|a Fizikai tudományok
|
| 695 |
|
|
|a Kvantumelektronika
|
| 700 |
0 |
1 |
|a Csehi András
|e aut
|
| 710 |
|
|
|a Szimpózium a hazai kvantumelektronikai kutatások eredményeiről (9.) (2021) (Szeged)
|
| 856 |
4 |
0 |
|u http://acta.bibl.u-szeged.hu/71660/1/kvantumelektronika_2021_021-026.pdf
|z Dokumentum-elérés
|